Amler's Precedents of Pleadings / (Record no. 1209)

MARC details
000 -LEADER
fixed length control field 00543nam a22001817a 4500
005 - DATE AND TIME OF INPUT
control field 20240110072013.0
008 - DATA ELEMENTS--GENERAL INFORMATION
fixed length control field 240110b |||||||| |||| 00| 0 eng d
020 ## - INTERNATIONAL STANDARD BOOK NUMBER
International Standard Book Number 9780639004747
041 ## - LANGUAGE CODE
Language code of text English
082 ## - SHELF NUMBER
DDC number 347.7 AML
100 ## - MAIN AUTHOR
Main author's name Harms, LTC
Language of a work English
245 ## - TITLE STATEMENT
Title Amler's Precedents of Pleadings /
Statement of responsibility, etc. LTC Harms
250 ## - EDITION STATEMENT
Edition statement Ninth Edition
260 ## - PUBLICATION, DISTRIBUTION, ETC.
Place of publication, distribution, etc. Durban :
Name of publisher, distributor, etc. LexisNexis (Pty) Ltd,
Date of publication, distribution, etc. 2018
300 ## - PHYSICAL DESCRIPTION
Other physical details xi, 461 pages ;
Dimensions 25,5 cm.
650 ## - SUBJECT`
Broad subject Legal practice
Own subject terms Law
942 ## - ADDED ENTRY ELEMENTS (KOHA)
Item type Books
942 ## - ADDED ENTRY ELEMENTS (KOHA)
-- ALISON_BN_VRIES
Holdings
Source of classification or shelving scheme Not for loan Collection code Home library Current library Shelving location Date acquired Full call number Barcode Price effective from Koha item type
Dewey Decimal Classification   TEXT BOOKS LAW SOCIETY OF NAMIBIA LIBRARY - WINDHOEK LAW SOCIETY OF NAMIBIA LIBRARY - WINDHOEK Evidence law 01/10/2024 347.7 AML LSN/2018/15 01/10/2024 Books